LIBRARY & INFORMATION CENTRE, KCAET, TAVANUR

ONLINE PUBLIC ACCESS CATALOGUE (OPAC)

Canal design and construction (Record no. 13762)

MARC details
000 -LEADER
fixed length control field 00298nam a22001217a 4500
020 ## - INTERNATIONAL STANDARD BOOK NUMBER
ISBN 9789380235639
082 ## - DEWEY DECIMAL CLASSIFICATION NUMBER
Classification number 627.13
Item number BAI/CA
100 ## - MAIN ENTRY--AUTHOR NAME
Personal name Bairathi, V.K
245 ## - TITLE STATEMENT
Title Canal design and construction
260 ## - PUBLICATION, DISTRIBUTION, ETC. (IMPRINT)
Place of publication New Delhi
Name of publisher New india Publishing Agency
Year of publication 2012
300 ## - PHYSICAL DESCRIPTION
Number of Pages 610p
942 ## - ADDED ENTRY ELEMENTS (KOHA)
Koha item type Books
Holdings
Withdrawn status Lost status Damaged status Collection code Home library Current library Shelving location Date acquired Source of acquisition Cost, normal purchase price Full call number Accession Number Koha item type
      Reference KAUAET KAUAET Reference 31/03/2012 Universal Research Books, Trichur 2700.00 627.13 BAI/CA 23343 Reference
        KAUAET KAUAET General Stacks 09/06/2016 Universal Research Books, Thrissur 2700.00 627.13 BAI/CA 24276 Books
        KAUAET KAUAET General Stacks 21/07/2016 Southern Book Star, Tvm 2700.00 627.13 BAI/CA 24890 Books
free website counter